export_success — 

A guide to Asian high yield bonds : financing growth enterprises /

Bibliographic Details
Main Author: Schmidt, Florian H. A.
Other Authors: Tay, Sharon.
Format: eBook
Language:English
Published: Singapore : Wiley, [2014]
Edition:Second edition.
Series:Wiley finance series
Subjects:
Online Access:Click to View
LEADER 01660nam a2200445 i 4500
001 EBC1443895
003 MiAaPQ
005 20200520144314.0
006 m o d |
007 cr cnu||||||||
008 131029t20142014si ad ob 001 0 eng|d
020 |z 9781118502020 (hardcover) 
020 |a 9781118502037  |q (electronic bk.) 
035 |a (MiAaPQ)EBC1443895 
035 |a (Au-PeEL)EBL1443895 
035 |a (CaPaEBR)ebr10780703 
035 |a (CaONFJC)MIL527888 
035 |a (OCoLC)861080216 
040 |a MiAaPQ  |b eng  |e rda  |e pn  |c MiAaPQ  |d MiAaPQ 
043 |a a------ 
050 4 |a HG4651  |b .S36 2014 
082 0 |a 480 
100 1 |a Schmidt, Florian H. A. 
245 1 2 |a A guide to Asian high yield bonds :  |b financing growth enterprises /  |c Florian Schmidt ; with Sharon Tay. 
250 |a Second edition. 
264 1 |a Singapore :  |b Wiley,  |c [2014] 
264 4 |c 2014 
300 |a 1 online resource (480 pages) :  |b illustrations (some color). 
336 |a text  |2 rdacontent 
337 |a computer  |2 rdamedia 
338 |a online resource  |2 rdacarrier 
490 0 |a Wiley finance series 
504 |a Includes bibliographical references and index. 
588 |a Description based on online resource; title from PDF title page (ebrary, viewed October 23, 2013). 
590 |a Electronic reproduction. Ann Arbor, MI : ProQuest, 2015. Available via World Wide Web. Access may be limited to ProQuest affiliated libraries. 
650 0 |a Junk bonds  |z Asia. 
655 4 |a Electronic books. 
700 1 |a Tay, Sharon. 
797 2 |a ProQuest (Firm) 
856 4 0 |u https://ebookcentral.proquest.com/lib/matrademy/detail.action?docID=1443895  |z Click to View